000 00683nam a2200229Ia 4500
003 GCL
008 140319s9999 xx 000 0 ara d
040 _aGCL /
_cGCL
082 0 4 _a395.52
_bه ج
100 1 _aهوغ، ج0 ب
245 1 0 _aالجماعة السلطة والاتصال /
_cهوغ، ج0 ب
700 1 _aليفيك، د
700 1 _aموران، ا.
700 1 _aنظر جاهل (مترجم)
260 _a[S.N] :
_bالمؤسسة الحديثة للكتاب ،
_c1991
300 _a232 ص
490 _a
650 0 4 _aالعلاقات الانسانية
650 0 4 _aالسلوك
650 0 4 _aالاتصالات الادارية
942 _2ddc
_cBK
999 _c31152
_d31152